000 00460nam a2200181Ia 4500
001 13647
003 IN-NITTTR
005 20251114233128.0
008 251113s9999||||xx |||||||||||||| ||eng||
040 _beng
040 _cIN-NITTTR
041 _aeng
082 _a003.3 E85D
100 _aEmshoff, James R
245 0 _aDesign and use of computer simulation models /
_cEmshoff, James R, Sisson, Roger L
700 _a Sisson, Roger L
942 _2ddc
_cBK
999 _c16283
_d16283